Economic models of tropical deforestation : (Registro nro. 812)
[ vista simple ]
| 000 -CABECERA | |
|---|---|
| Campo de control | 01010nam a2200253 a 4500 |
| 005 - FECHA Y HORA DE LA ULTIMA TRANSACCION | |
| Campo de control | 20171004135742.0 |
| 008 - ELEMENTOS DE LONGITUD FIJA—INFORMACION GENERAL | |
| Campo de control | 981021s1998 io 000 0 eng d |
| 020 ## - ISBN | |
| ISBN | 979876417x |
| 040 ## - FUENTE DE CATALOGACIÓN | |
| Agencia catalogadora original | CO-BoIAVH |
| Agencia transcriptora | CO-BoIAVH |
| 041 0# - IDIOMA | |
| Código de idioma para texto/pista de sonido o título separado | Inglés |
| 044 ## - PAÍS DE PUBLICACIÓN | |
| País de publicación | Indonesia |
| 082 04 - NUMERO DE CLASIFICACION DECIMAL DEWEY | |
| Número de clasificación | 634.92 |
| Número del ítem | K12e |
| 100 1# - ASIENTO PRINCIPAL--NOMBRE PERSONAL | |
| Nombre personal | Kaimowitz, David |
| Término relacionado | autor |
| 9 (RLIN) | 8159 |
| 245 10 - MENCION DE TITULO | |
| Título | Economic models of tropical deforestation : |
| Parte restante del título | a review / |
| Mención de responsabilidad | David Kaimowitz and Arild Angelsen. |
| 260 ## - PUBLICACION, DISTRIBUCION, ETC. (PIE DE IMPRENTA) | |
| Lugar de publicación, distribución, etc. | Bogor (Indonesia) : |
| Nombre del editor, distribuidor, etc. | Centre for International Forestry Research, |
| Fecha de publicación, distribución, etc. | 1998. |
| 300 ## - DESCRIPCION FISICA | |
| Extensión | xi, 139 páginas : |
| Otros detalles físicos | talbas ; |
| Dimensiones | 24 x 16 cm. |
| 504 ## - NOTA DE BIBLIOGRAFIA, ETC. | |
| Nota de bibliografía | Incluye referencias bibliográficas: páginas 109-128. |
| 650 26 - ASIENTO SECUNDARIO DE MATERIA - TERMINO TEMATICO | |
| Término temático o nombre geográfico como elemento de entrada | Deforestación |
| Subdivisión general | Aspectos económicos |
| Subdivisión geográfica | Zonas tropicales |
| 9 (RLIN) | 85725 |
| 650 26 - ASIENTO SECUNDARIO DE MATERIA - TERMINO TEMATICO | |
| Término temático o nombre geográfico como elemento de entrada | Bosques |
| Subdivisión general | ciencias forestales |
| -- | Aspectos económicos |
| Subdivisión geográfica | Zonas tropicales |
| 9 (RLIN) | 85726 |
| 651 #0 - ASIENTO SECUNDARIO DE MATERIA - NOMBRE GEOGRAFICO | |
| Nombre geográfico | Zonas tropicales |
| Subdivisión general | Aspectos ambientales |
| 9 (RLIN) | 85727 |
| 700 1# - ASIENTO SECUNDARIO - NOMBRE PERSONAL | |
| Nombre personal | Angelsen, Arild |
| Término de relación | autor |
| 9 (RLIN) | 9298 |
| 710 2# - ASIENTO SECUNDARIO - NOMBRE CORPORATIVO | |
| Nombre corporativo o de jurisdicción como elemento de entrada | Center for International Forestry Research |
| 9 (RLIN) | 13381 |
| 942 ## - ELEMENTOS ADICIONALES (KOHA) | |
| Sistema de clasificación | Dewey Decimal Classification |
| Tipo de ítem | Libro |
| Withdrawn status | Lost status | Sistema de Clasificación | Damaged status | No para préstamo | Colección | Inventariado | Ubicación Permanente | Ubicación actual | Fecha de adquisición | Fuente de Valor | Valor | Total Checkouts | Número topográfico | Inventario / Código de Barras | Date last seen | Ejemplar | Price effective from | Forma de adquisición | Tipo de material |
|---|---|---|---|---|---|---|---|---|---|---|---|---|---|---|---|---|---|---|---|
| Dewey Decimal Classification | General | Inventariado 2017 | Bogotá | Bogotá | 02/10/2017 | 39000.00 | LB-634.92 K12e | 001151 | 02/10/2017 | Ej. 2 | 02/10/2017 | Donación | Libro | ||||||
| Dewey Decimal Classification | General | Inventariado 2017 | Sala Fabio Quevedo | Sala Fabio Quevedo | 09/08/1998 | CIFOR | 39000.00 | LB-634.92 K12e | 001152 | 04/12/2012 | Ej. 1 | 04/12/2012 | Donación | Libro |